| 000 | 00688nam a22002417a 4500 | ||
|---|---|---|---|
| 003 | UA-OsUOA | ||
| 001 | 51748 | ||
| 007 | ta | ||
| 008 | 20141020b un ||||| |||| 00| 0 ukr d | ||
| 100 | _aMomryk M. | ||
| 090 | _a011 | ||
| 942 | _cBR | ||
| 040 |
_aUA-OsUOA _bukr _cUA-OsUOA _dUA-OsUOA |
||
| 245 | _aA Guide to Sources of Ukrainian Canadians | ||
| 300 | _a42 p. | ||
| 955 | _a1 | ||
| 041 | _aukr | ||
| 080 | _a011 | ||
| 260 |
_bPublic Archives Canada _c1984 |
||
| 650 | 7 |
_a01 Бібліографія і бібліографії. Каталоги _2UDC |
|
| 999 |
_c431872 _d431872 |
||